| 000 | 00842 a2200217 4500 | ||
|---|---|---|---|
| 999 |
_c2563 _d2563 |
||
| 020 | _a9781428304420 | ||
| 020 | _a1428304428 | ||
| 050 | 0 | 0 | _aKF240PUT 2010 |
| 100 | 1 |
_aPutman, William H. _eauthor |
|
| 245 | 1 | 0 |
_aLegal research, analysis, and writing / _cWilliam H. Putman. |
| 250 | _a2nd ed. | ||
| 264 |
_aNew York _bDelmar Cengage l _c2010 |
||
| 300 |
_axxviii, 667 p. : _bill. ; |
||
| 500 | _aIncludes index. | ||
| 650 | 0 | _aLegal research | |
| 650 | 0 | _aLegal composition. | |
| 856 | 4 | 2 |
_3Contributor biographical information _uhttp://www.loc.gov/catdir/enhancements/fy1303/2008943673-b.html |
| 856 | 4 | 2 |
_3Publisher description _uhttp://www.loc.gov/catdir/enhancements/fy1303/2008943673-d.html |
| 856 | 4 | 1 |
_3Table of contents only _uhttp://www.loc.gov/catdir/enhancements/fy1303/2008943673-t.html |
| 942 |
_2lcc _cBK _e2nd ed _h240 _iPUT _kKF |
||